[Event "SVK-chT2A 2425"]
[Site "Slovakia"]
[Date "2024.11.10"]
[Round "2.5"]
[White "Michal, Silvio"]
[Black "Oslej, Marek"]
[Result "0-1"]
[WhiteElo "2041"]
[BlackElo "1889"]
[PlyCount "72"]
[EventDate "2024.11.09"]
[EventType "team-tourn"]
[EventRounds "11"]
[EventCountry "SVK"]
[SourceTitle "CB51_2024"]
[SourceDate "2024.12.18"]
[SourceVersion "1"]
[SourceVersionDate "2024.12.18"]
[SourceQuality "1"]
[WhiteTeam "Pezinok"]
[BlackTeam "Osuske II"]
[WhiteTeamCountry "SVK"]
[BlackTeamCountry "SVK"]

1. Nf3 Nf6 2. c4 c6 3. d4 d5 4. Nc3 e6 5. e3 Nbd7 6. a3 a5 7. Bd2 Bd6 8. c5 Bc7 9. b4 0-0 10. Bd3 e5 11. dxe5 Nxe5 12. Nxe5 Bxe5 13. f4 Bg4 14. Qb1 Bc7 15. h3 Bc8 16. Ne2 Re8 17. 0-0 Ne4 18. Bxe4 Rxe4 19. Qd3 b6 20. Nc3 Re8 21. Qd4 bxc5 22. bxc5 Qh4 23. Be1 Qh6 24. Rf3 Bd8 25. g4 Bf6 26. Qd3 Ba6 27. Qf5 Rad8 28. g5 Qh5 29. Qg4 Qxg4+ 30. hxg4 Be7 31. Kf2 Bxc5 32. Na4 Bd6 33. Bxa5 Rb8 34. Rh3 Rb3 35. Bb4 Bxf4 36. exf4 Rxh3 0-1

[Event "SVK-chT2A 2324"]
[Site "Slovakia"]
[Date "2024.02.11"]
[Round "9.3"]
[White "Michal, Silvio"]
[Black "Sarmir, Milos"]
[Result "1/2-1/2"]
[WhiteElo "2065"]
[BlackElo "1938"]
[PlyCount "156"]
[EventDate "2023.10.07"]
[EventType "team-tourn"]
[EventRounds "11"]
[EventCountry "SVK"]
[SourceTitle "EXT 2025"]
[Source "ChessBase"]
[SourceDate "2024.10.14"]
[SourceVersion "1"]
[SourceVersionDate "2024.10.14"]
[SourceQuality "1"]
[WhiteTeam "Pezinok"]
[BlackTeam "Cifer"]
[WhiteTeamCountry "SVK"]
[BlackTeamCountry "SVK"]

1. c4 Nf6 2. Nc3 c6 3. e4 e5 4. Nf3 Qc7 5. d4 d6 6. h3 Be7 7. Be2 0-0 8. 0-0 Nbd7 9. Be3 a6 10. a4 Re8 11. Qc2 Nf8 12. a5 c5 13. Nd5 Nxd5 14. cxd5 exd4 15. Bxd4 Qd8 16. Bc3 Bf6 17. Nd2 Ng6 18. f4 Bxc3 19. bxc3 Qh4 20. f5 Nf4 21. Bg4 Qg3 22. Nc4 g5 23. Rf3 Qh4 24. Nxd6 Rd8 25. e5 h5 26. g3 Nxh3+ 27. Bxh3 Qxh3 28. Qg2 Qg4 29. Re1 Rxd6 30. exd6 Bxf5 31. Qf2 Bg6 32. Re7 Rf8 33. Qe3 h4 34. Kh2 Bf5 35. gxh4 Qxh4+ 36. Kg1 Bg6 37. d7 Qg4+ 38. Rg3 Qd1+ 39. Kh2 Qxd5 40. Rxg5 Qd6+ 41. Qe5 Qd2+ 42. Rg2 Qd3 43. Re8 Qxd7 44. Rxf8+ Kxf8 45. Qh8+ Ke7 46. Re2+ Kd6 47. Rd2+ Kc6 48. Qf6+ Qe6 49. Qf4 Be4 50. Rb2 Kd7 51. Rd2+ Kc8 52. Qg5 Kb8 53. c4 f5 54. Kg3 Qe5+ 55. Qf4 Qxf4+ 56. Kxf4 Kc7 57. Ke5 b6 58. axb6+ Kxb6 59. Kd6 a5 60. Rb2+ Ka6 61. Kxc5 a4 62. Rb6+ Ka7 63. Kb5 f4 64. Rf6 f3 65. Kxa4 Kb7 66. Kb5 Kc7 67. Kc5 Kd7 68. Kd4 Ba8 69. Ke5 Kc7 70. Kd4 Kd7 71. c5 Ke7 72. Ke5 Kd7 73. Rf7+ Ke8 74. Ra7 Bc6 75. Kd6 f2 76. Ra1 Bg2 77. c6 f1Q 78. Rxf1 Bxf1 1/2-1/2

[Event "SVK-chT2A 2122"]
[Site "Slovakia"]
[Date "2022.03.06"]
[Round "6.5"]
[White "Michal, Silvio"]
[Black "Compel, Daniel"]
[Result "1/2-1/2"]
[WhiteElo "2051"]
[BlackElo "1863"]
[PlyCount "70"]
[EventDate "2021.10.16"]
[EventType "team-tourn"]
[EventRounds "11"]
[EventCountry "SVK"]
[SourceTitle "EXT 2023"]
[Source "ChessBase"]
[SourceDate "2022.10.05"]
[SourceVersion "1"]
[SourceVersionDate "2022.10.05"]
[SourceQuality "1"]
[WhiteTeam "Pezinok"]
[BlackTeam "Bratislava Slovan V"]
[WhiteTeamCountry "SVK"]
[BlackTeamCountry "SVK"]

1. c4 Nf6 2. d4 g6 3. Nc3 d5 4. cxd5 Nxd5 5. e4 Nxc3 6. bxc3 Bg7 7. Bc4 c5 8. Ne2 0-0 9. 0-0 cxd4 10. cxd4 Nc6 11. Be3 Bg4 12. f3 Bd7 13. Rb1 Qc7 14. Qd2 Nxd4 15. Bxf7+ Rxf7 16. Bxd4 e5 17. Be3 Be6 18. Rfc1 Qd7 19. Qb2 b6 20. Rd1 Qe8 21. Rd2 Rd8 22. Rbd1 Rfd7 23. Nc3 Rxd2 24. Rxd2 Rxd2 25. Qxd2 Qd7 26. Nd5 Bxd5 27. exd5 Bf8 28. Qd3 b5 29. h4 a5 30. Qe4 Bd6 31. h5 gxh5 32. Qh4 Bf8 33. Qe4 Bd6 34. Qh4 Bf8 35. Qe4 Bd6 1/2-1/2

[Event "SVK-chT2A 2122"]
[Site "Slovakia"]
[Date "2021.11.14"]
[Round "4.4"]
[White "Michal, Silvio"]
[Black "Skreko, Igor1"]
[Result "1/2-1/2"]
[WhiteElo "2052"]
[BlackElo "2063"]
[PlyCount "100"]
[EventDate "2021.10.16"]
[EventType "team-tourn"]
[EventRounds "11"]
[EventCountry "SVK"]
[SourceTitle "EXT 2023"]
[Source "ChessBase"]
[SourceDate "2022.10.05"]
[SourceVersion "1"]
[SourceVersionDate "2022.10.05"]
[SourceQuality "1"]
[WhiteTeam "Pezinok"]
[BlackTeam "Osuske II"]
[WhiteTeamCountry "SVK"]
[BlackTeamCountry "SVK"]

1. c4 Nf6 2. Nc3 g6 3. d4 Bg7 4. Bg5 0-0 5. Qd2 d6 6. e4 Nbd7 7. Be2 c5 8. d5 b5 9. cxb5 a6 10. Bh6 Qa5 11. Bxg7 Kxg7 12. g4 axb5 13. g5 Ne8 14. Nxb5 Qxd2+ 15. Kxd2 Ba6 16. Nh3 Nb6 17. Rhc1 e6 18. dxe6 fxe6 19. f4 Bxb5 20. Bxb5 Nc7 21. Be2 Nd7 22. b3 Rfb8 23. Nf2 Nb5 24. Bxb5 Rxb5 25. Nd3 Ra3 26. b4 Kf8 27. bxc5 Nxc5 28. Nxc5 dxc5 29. Rc3 Ra4 30. Kd3 Ke7 31. h4 Rd4+ 32. Ke3 Rbb4 33. Rxc5 Rxe4+ 34. Kd3 Kd6 35. Ra5 Rxf4 36. Ra6+ Kd5 37. Ra5+ Kc6 38. Ra6+ Rb6 39. Rxb6+ Kxb6 40. Re1 Rxh4 41. Rxe6+ Kc5 42. Re5+ Kd6 43. Ra5 Kc6 44. Ke3 Kb6 45. Re5 h6 46. Re6+ Kb7 47. Rxg6 hxg5 48. Rxg5 Rc4 49. Kd3 Rc8 50. a4 Kb6 1/2-1/2

[Event "SVK-chT2A 1819"]
[Site "Slovakia"]
[Date "2019.03.02"]
[Round "8.1"]
[White "Michal, Silvio"]
[Black "Sahidi, Samir"]
[Result "0-1"]
[WhiteElo "2092"]
[BlackElo "2366"]
[PlyCount "86"]
[EventDate "2018.10.13"]
[EventType "team-tourn"]
[EventRounds "11"]
[EventCountry "SVK"]
[SourceTitle "EXT 2020"]
[Source "ChessBase"]
[SourceDate "2019.10.17"]
[SourceVersion "1"]
[SourceVersionDate "2019.10.17"]
[SourceQuality "1"]
[WhiteTeam "Pezinok"]
[BlackTeam "Bratislava Doprastav"]
[WhiteTeamCountry "SVK"]
[BlackTeamCountry "SVK"]

1. Nf3 d5 2. d4 Nf6 3. c4 c6 4. cxd5 cxd5 5. Nc3 Nc6 6. Bf4 e6 7. a3 Bd6 8. Bxd6 Qxd6 9. e3 0-0 10. Bd3 Bd7 11. Rc1 Rfc8 12. 0-0 h6 13. b4 Ne7 14. Qb3 Rc7 15. Ne2 Rac8 16. Rxc7 Qxc7 17. h3 Ne4 18. Bxe4 dxe4 19. Ne5 f6 20. Nxd7 Qxd7 21. Qb1 f5 22. Rc1 Nd5 23. Rxc8+ Qxc8 24. Qc1 Qxc1+ 25. Nxc1 Kf7 26. Nb3 b6 27. Nd2 g5 28. Nc4 Kf6 29. f3 Nc3 30. Kf2 b5 31. Nd2 exf3 32. gxf3 e5 33. dxe5+ Kxe5 34. h4 gxh4 35. f4+ Kd5 36. Nf3 Ke4 37. Nd2+ Kd3 38. Nb3 Nd1+ 39. Kf3 Nxe3 40. Nc5+ Kd2 41. a4 bxa4 42. Nxa4 Nd5 43. b5 Kd3 0-1

[Event "SVK-chT2A 1415"]
[Site "Slovakia"]
[Date "2014.10.11"]
[Round "1.4"]
[White "Bango, Lukas"]
[Black "Michal, Silvio"]
[Result "1/2-1/2"]
[WhiteElo "1917"]
[BlackElo "2089"]
[PlyCount "75"]
[EventDate "2014.10.11"]
[EventType "team-tourn"]
[EventRounds "11"]
[EventCountry "SVK"]
[SourceTitle "EXT 2016"]
[Source "ChessBase"]
[SourceDate "2015.10.08"]
[SourceVersion "1"]
[SourceVersionDate "2015.10.08"]
[SourceQuality "1"]
[WhiteTeam "Trnava Modranka"]
[BlackTeam "Pezinok"]
[WhiteTeamCountry "SVK"]
[BlackTeamCountry "SVK"]

1. c4 e6 2. Nc3 Nf6 3. d4 Bb4 4. a3 Bxc3+ 5. bxc3 c5 6. e3 Ne4 7. Qc2 f5 8. Bd3 d5 9. cxd5 exd5 10. Bxe4 fxe4 11. dxc5 0-0 12. Ne2 Na6 13. 0-0 Nxc5 14. c4 b6 15. cxd5 Ba6 16. Ra2 Rc8 17. Qd1 Nd3 18. Rd2 Nxc1 19. Nxc1 Bxf1 20. Kxf1 Qc7 21. Ne2 Qxh2 22. d6 Rcd8 23. Qb3+ Kh8 24. Nf4 Rxf4 25. exf4 Qh1+ 26. Ke2 Qxg2 27. Qg3 Qxg3 28. fxg3 Kg8 29. Ke3 Kf7 30. Kxe4 Ke6 31. f5+ Kd7 32. g4 Rc8 33. g5 Rc1 34. Rh2 Re1+ 35. Kd5 Rd1+ 36. Ke5 Re1+ 37. Kd5 Rd1+ 38. Ke5 1/2-1/2

[Event "SVK-chT1W 1213"]
[Site "Slovakia"]
[Date "2013.02.24"]
[Round "9.5"]
[White "Bury, Rastislav"]
[Black "Michal, Silvio"]
[Result "1/2-1/2"]
[WhiteElo "2099"]
[BlackElo "2105"]
[PlyCount "131"]
[EventDate "2012.10.20"]
[EventType "team-tourn"]
[EventRounds "11"]
[EventCountry "SVK"]
[SourceTitle "EXT 2015"]
[Source "ChessBase"]
[SourceDate "2014.11.20"]
[SourceVersion "1"]
[SourceVersionDate "2014.11.20"]
[SourceQuality "1"]
[WhiteTeam "Osuske"]
[BlackTeam "Pezinok"]
[WhiteTeamCountry "SVK"]
[BlackTeamCountry "SVK"]

1. Nf3 Nf6 2. g3 b5 3. Bg2 Bb7 4. 0-0 e6 5. b3 Be7 6. c4 b4 7. d4 0-0 8. a3 a5 9. Bb2 Na6 10. Nbd2 d6 11. a4 Nb8 12. Qc2 Nbd7 13. Rad1 Qb8 14. e4 Rd8 15. Rfe1 Qa7 16. h3 Rac8 17. g4 Nf8 18. Nf1 Ng6 19. Ng3 Nf4 20. Bf1 h6 21. d5 e5 22. Bc1 Nd7 23. Nf5 Bf8 24. Be3 Nc5 25. Kh2 g6 26. Ng3 Bg7 27. Ng1 Rf8 28. N1e2 Nxe2 29. Bxe2 Rce8 30. Rg1 Bc8 31. Rb1 Bd7 32. Qc1 Kh7 33. Qf1 Qb8 34. f3 Qd8 35. Qf2 Qe7 36. Qg2 Rg8 37. Bxc5 dxc5 38. Bd3 Bf6 39. Qf2 Bg5 40. Ne2 Ref8 41. Rbf1 f5 42. Qe1 Be3 43. Rh1 fxg4 44. fxg4 Qg5 45. Rxf8 Rxf8 46. Rf1 Rxf1 47. Qxf1 Kg7 48. Qf3 Bd2 49. Qf2 Qe3 50. Qxe3 Bxe3 51. Kg3 Kf6 52. h4 Bd2 53. Kf3 h5 54. g5+ Ke7 55. Bc2 Be1 56. Ng3 Bg4+ 57. Kg2 Kf7 58. Kh2 Bf3 59. Kh3 Bf2 60. Kh2 Ke7 61. Kh3 Kd6 62. Kh2 c6 63. dxc6 Kxc6 64. Kh3 Kd6 65. Kh2 Ke6 66. Kh3 1/2-1/2

[Event "SVK-chT1W 1213"]
[Site "Slovakia"]
[Date "2013.02.23"]
[Round "8.5"]
[White "Michal, Silvio"]
[Black "Kvassay, Peter"]
[Result "1-0"]
[WhiteElo "2105"]
[BlackElo "2028"]
[PlyCount "101"]
[EventDate "2012.10.20"]
[EventType "team-tourn"]
[EventRounds "11"]
[EventCountry "SVK"]
[SourceTitle "EXT 2015"]
[Source "ChessBase"]
[SourceDate "2014.11.20"]
[SourceVersion "1"]
[SourceVersionDate "2014.11.20"]
[SourceQuality "1"]
[WhiteTeam "Pezinok"]
[BlackTeam "Povazska Bystrica"]
[WhiteTeamCountry "SVK"]
[BlackTeamCountry "SVK"]

1. d4 Nf6 2. c4 e6 3. Nf3 d5 4. Bg5 h6 5. Bxf6 Qxf6 6. e3 Nd7 7. Nbd2 c6 8. Rc1 g6 9. Bd3 Bg7 10. b4 0-0 11. Qb3 e5 12. cxd5 exd4 13. Nxd4 Qg5 14. N2f3 Qxd5 15. Qxd5 cxd5 16. 0-0 Ne5 17. Be2 Nxf3+ 18. Bxf3 Be6 19. Rc7 Bxd4 20. exd4 Rab8 21. Rfc1 Kg7 22. R1c5 Kf6 23. Kf1 Rfd8 24. Ra5 a6 25. Rac5 h5 26. Ke1 Rd6 27. Kd2 h4 28. h3 Rb6 29. a3 Rd6 30. Kc1 Kg5 31. a4 Kf6 32. a5 b6 33. R5c6 Rxc6+ 34. Rxc6 bxa5 35. bxa5 Rb4 36. Bxd5 Rxd4 37. Bxe6 fxe6 38. Rxa6 Rf4 39. f3 Ra4 40. Ra8 Ra2 41. a6 Kg5 42. a7 e5 43. Kb1 Ra6 44. Kc2 Kf4 45. Rf8+ Kg3 46. a8Q Rxa8 47. Rxa8 Kxg2 48. Rg8 Kxh3 49. Rxg6 Kh2 50. Kd3 h3 51. Ke4 1-0

[Event "SVK-chT1W 1112"]
[Site "Slovakia"]
[Date "2012.03.04"]
[Round "11.7"]
[White "Michal, Silvio"]
[Black "Puchart, Vladimir"]
[Result "1/2-1/2"]
[WhiteElo "2108"]
[BlackElo "2079"]
[PlyCount "71"]
[EventDate "2011.10.15"]
[EventType "team-tourn"]
[EventRounds "11"]
[EventCountry "SVK"]
[SourceTitle "EXT 2013"]
[Source "ChessBase"]
[SourceDate "2012.11.22"]
[SourceVersion "1"]
[SourceVersionDate "2012.11.22"]
[SourceQuality "1"]
[WhiteTeam "Pezinok"]
[BlackTeam "Trnava Lokomotiva"]
[WhiteTeamCountry "SVK"]
[BlackTeamCountry "SVK"]

1. c4 Nf6 2. Nc3 c5 3. Nf3 g6 4. g3 Bg7 5. Bg2 0-0 6. 0-0 Nc6 7. d4 cxd4 8. Nxd4 Qa5 9. Nb3 Qb4 10. c5 Na5 11. e4 Nxb3 12. Qxb3 Qxc5 13. Be3 Qa5 14. Qb5 Qd8 15. h3 d6 16. e5 dxe5 17. Rfd1 Qe8 18. Qa5 e4 19. Rac1 Bd7 20. Nxe4 Nxe4 21. Bxe4 Bxb2 22. Rc7 Bxh3 23. Bxb7 Rd8 24. Rb1 Bf6 25. Qxa7 Rd6 26. Bc5 Rd2 27. Bf3 Be6 28. a4 Qd8 29. Qb7 Qd3 30. a5 Bd4 31. Bxd4 Qxd4 32. Qb6 Qd3 33. Qb7 Qd4 34. Qb6 Qd3 35. Qb7 Qd4 36. Qb6 1/2-1/2

[Event "SVK-chT2A 0809"]
[Site "Slovakia"]
[Date "2008.10.11"]
[Round "1.5"]
[White "Michal, Silvio"]
[Black "Krist, Milan"]
[Result "1-0"]
[WhiteElo "2123"]
[BlackElo "2046"]
[PlyCount "93"]
[EventDate "2008.10.11"]
[EventType "team-tourn"]
[EventRounds "11"]
[EventCountry "SVK"]
[SourceTitle "EXT 2010"]
[Source "ChessBase"]
[SourceDate "2010.11.25"]
[SourceVersion "1"]
[SourceVersionDate "2010.11.25"]
[SourceQuality "1"]
[WhiteTeam "Pezinok KS"]
[BlackTeam "Trnava Lokomotiva II"]
[WhiteTeamCountry "SVK"]
[BlackTeamCountry "SVK"]

1. c4 c5 2. Nc3 Nc6 3. Nf3 Nf6 4. d4 cxd4 5. Nxd4 e6 6. Ndb5 a6 7. Nd6+ Bxd6 8. Qxd6 Qe7 9. Bf4 e5 10. Qxe7+ Kxe7 11. Bg5 Ke6 12. g3 Kf5 13. h4 h6 14. Be3 Kg6 15. 0-0-0 b5 16. g4 Kh7 17. g5 Nh5 18. Bg2 Nf4 19. Be4+ g6 20. h5 Kg7 21. Bxf4 exf4 22. hxg6 fxg6 23. Rd6 Rb8 24. Rxg6+ Kf7 25. Rh4 Nd4 26. Rxf4+ Ke7 27. gxh6 Ne6 28. Nd5+ Kd6 29. Ne3 Bb7 30. Bxb7 Rxb7 31. Rf5 bxc4 32. Nxc4+ Ke7 33. Rgf6 Rc7 34. b3 Nd4 35. Rf7+ Ke8 36. R5f6 Rxh6 37. Rf8+ Ke7 38. Rxh6 Kxf8 39. Kd2 Nc6 40. e4 Rb7 41. Kc3 Rb5 42. f4 Ke7 43. a3 Rb8 44. Rh7+ Kd8 45. Rh8+ Kc7 46. Rxb8 Kxb8 47. Ne5 1-0

[Event "SVK-chT2A 0708"]
[Site "Slovakia"]
[Date "2008.03.08"]
[Round "10.5"]
[White "Rovnak, Peter"]
[Black "Michal, Silvio"]
[Result "0-1"]
[WhiteElo "2117"]
[BlackElo "2083"]
[PlyCount "142"]
[EventDate "2007.10.06"]
[EventType "team-tourn"]
[EventRounds "11"]
[EventCountry "SVK"]
[SourceTitle "EXT 2010"]
[Source "ChessBase"]
[SourceDate "2010.11.25"]
[SourceVersion "1"]
[SourceVersionDate "2010.11.25"]
[SourceQuality "1"]
[WhiteTeam "Bratislava Doprastav II"]
[BlackTeam "Pezinok KS"]
[WhiteTeamCountry "SVK"]
[BlackTeamCountry "SVK"]

1. e4 Nf6 2. e5 Nd5 3. d4 d6 4. c4 Nb6 5. Nf3 Nc6 6. exd6 exd6 7. d5 Ne5 8. Nxe5 dxe5 9. Be3 Bb4+ 10. Nc3 0-0 11. Qb3 Qe7 12. a3 Bc5 13. Bd3 Bxe3 14. fxe3 Qg5 15. 0-0-0 Qxe3+ 16. Kb1 Bg4 17. Nb5 e4 18. Bc2 Qxb3 19. Bxb3 Bxd1 20. Rxd1 c6 21. Nd6 cxd5 22. cxd5 e3 23. Re1 Nxd5 24. Nxb7 Nf4 25. Rxe3 Ne6 26. Nd6 Nc5 27. Ba2 Rad8 28. Nf5 g6 29. Ne7+ Kg7 30. Nc6 Rd2 31. Nxa7 Nd3 32. b4 Rb8 33. Bc4 Nxb4 34. axb4 Rxb4+ 35. Kc1 Rxg2 36. Bb3 Rxh2 37. Nc6 Rg4 38. Rf3 Rg1+ 39. Bd1 Ra2 40. Rd3 Ra1+ 41. Kc2 Raxd1 42. Rxd1 Rxd1 43. Kxd1 f5 44. Ke2 g5 45. Ne5 h5 46. Kf3 Kf6 47. Nd7+ Ke7 48. Ne5 Ke6 49. Nc6 h4 50. Nd4+ Ke5 51. Nc6+ Kd5 52. Ne7+ Ke6 53. Nc6 Kf6 54. Nd4 h3 55. Kg3 g4 56. Nc2 Kg5 57. Nd4 f4+ 58. Kh2 Kf6 59. Ne2 Ke5 60. Nc3 Kd4 61. Ne2+ Ke3 62. Nc3 Kf2 63. Ne4+ Kf1 64. Ng5 Ke2 65. Ne6 Kf3 66. Nd4+ Ke4 67. Ne2 Ke3 68. Nc3 f3 69. Nd5+ Kf2 70. Nc3 g3+ 71. Kxh3 g2 0-1

[Event "SVK-chT2A 0708"]
[Site "Slovakia"]
[Date "2008.02.03"]
[Round "9.7"]
[White "Nepras, Martin"]
[Black "Michal, Silvio"]
[Result "0-1"]
[WhiteElo "1984"]
[BlackElo "2083"]
[PlyCount "86"]
[EventDate "2007.10.06"]
[EventType "team-tourn"]
[EventRounds "11"]
[EventCountry "SVK"]
[SourceTitle "EXT 2010"]
[Source "ChessBase"]
[SourceDate "2010.11.25"]
[SourceVersion "1"]
[SourceVersionDate "2010.11.25"]
[SourceQuality "1"]
[WhiteTeam "Bratislava Doprastav IV"]
[BlackTeam "Pezinok KS"]
[WhiteTeamCountry "SVK"]
[BlackTeamCountry "SVK"]

1. d4 Nf6 2. c4 e6 3. Nf3 b6 4. Nc3 Bb7 5. Bg5 Be7 6. e3 h6 7. Bh4 Ne4 8. Bxe7 Qxe7 9. Bd3 Nxc3 10. bxc3 c5 11. 0-0 cxd4 12. cxd4 0-0 13. Qe2 d6 14. Nd2 e5 15. d5 Nd7 16. e4 Nc5 17. Bc2 Ba6 18. f4 exf4 19. Rxf4 Qe5 20. Raf1 Rae8 21. Qf2 Re7 22. Bb3 Nd3 23. Qe3 Nxf4 24. Rxf4 f5 25. h4 fxe4 26. Rxe4 Qa1+ 27. Kh2 Rxe4 28. Qxe4 Bc8 29. Nf3 Qf6 30. Kg1 Bd7 31. Qd3 Qf4 32. Bd1 Bf5 33. Qb3 Be4 34. h5 Re8 35. Qa4 Re7 36. Qb3 Bxf3 37. Bxf3 Qe3+ 38. Kh2 Qxb3 39. axb3 a5 40. Kg3 Re3 41. Kf4 Rxb3 42. Kf5 a4 43. Bd1 Rb4 0-1